[Event "XLIV Capablanca Memorial Open"]
[Site "Havana CUB"]
[Date "2009.06.09"]
[Round "2"]
[White "Corrales Jimenez,Z"]
[Black "Borges Feria,Y"]
[Result "0-1"]
[WhiteElo "2143"]
[BlackElo "2400"]

1.e4 c5 2.Nf3 d6 3.Bb5+ Nd7 4.O-O a6 5.Bxd7+ Bxd7 6.c3 c4 7.d4 cxd3 8.Qxd3 Qc7
9.Re1 e5 10.a4 Rc8 11.b3 b5 12.axb5 axb5 13.Ba3 Nf6 14.Bb4 Bc6 15.Nbd2 Be7
16.c4 Rb8 17.Rac1 bxc4 18.Rxc4 Qb7 19.Qc2 Bd7 20.Ba3 Ra8 21.Nb1 Ra5 22.Qd2 Qa7
23.Bxd6 Ra2 24.Bb8 Qa8 25.Qc3 Qxb8 26.Nxe5 O-O 27.Nxd7 Nxd7 28.e5 Qb6 29.Nd2 Rb8
30.Rg4 Bb4 31.Qg3 Bxd2 32.Rxg7+ Kh8 33.Rxf7 Rg8 34.Qd3 Qg6 35.Qxg6 Rxg6 36.Rd1 Nxe5
37.Re7 Nc6 38.Re8+ Kg7 39.g3 Rf6 40.Kg2 Bb4 41.Rd7+ Kg6 42.g4 Rfxf2+ 43.Kg3 Rg2+
44.Kf3  0-1

[Event "XLIV Capablanca Memorial Open"]
[Site "Havana CUB"]
[Date "2009.06.10"]
[Round "3"]
[White "Ordunez,E"]
[Black "Jimenez,P"]
[Result "0-1"]
[WhiteElo "2270"]
[BlackElo "2383"]

1.e4 c5 2.Nf3 d6 3.Bb5+ Bd7 4.Bxd7+ Qxd7 5.O-O Nc6 6.c3 Nf6 7.d4 cxd4 8.cxd4 d5
9.e5 Ng8 10.a3 e6 11.b4 Nge7 12.Nc3 Ng6 13.h4 h5 14.Qd3 Be7 15.g3 O-O 16.Bd2 a6
17.Ne2 Rac8 18.Ng5 f5 19.exf6 Rxf6 20.Nf4 Rxf4 21.Bxf4 Bxg5 22.Bxg5 Qf7 23.f4 Nge7
24.Bxe7 Nxe7 25.Rac1 Rxc1 26.Rxc1 Nf5 27.Rc8+ Kh7 28.Kf2 Qd7 29.Qc2 a5 30.bxa5 Qd6
31.Qd3 Qd7 32.Rc5 Kh6 33.Qb5 Qe7 34.Qd3 Qd7 35.Qb5 Qe7 36.Qb6 Qf6 37.Rc8 Kh7
38.Re8 Qg6 39.Qxe6 Qxg3+ 40.Kf1 Qxf4+ 41.Kg1 Qxd4+ 42.Kf1 Qf4+ 43.Kg1 Qg3+
44.Kf1 Qf4+ 45.Kg1 Qd4+ 46.Kf1 Qf4+ 47.Kg1 Qd4+ 48.Kf1 Qd3+ 49.Ke1 Nd4 50.Qg8+ Kg6
51.Re7 Qc3+ 52.Kf2 Qf3+ 53.Ke1 Qg3+ 54.Kd2 Nb3+ 55.Kd1 Qf3+ 56.Ke1 Qc3+ 57.Ke2 Nd4+
58.Kf1 Qh3+ 59.Kg1 Nf3+ 60.Kf2 Qxh4+ 61.Kxf3 Qxe7 62.Qxd5 Qf7+ 63.Ke4 Qxd5+
64.Kxd5 h4  0-1

[Event "XLIV Capablanca Memorial Open"]
[Site "Havana CUB"]
[Date "2009.06.11"]
[Round "4"]
[White "Figueroa,Marc"]
[Black "Larduet Despaigne,C"]
[Result "1/2-1/2"]
[WhiteElo "2195"]
[BlackElo "2326"]

1.e4 c5 2.Nf3 d6 3.Bb5+ Nd7 4.d4 Nf6 5.Nc3 cxd4 6.Qxd4 a6 7.Bxd7+ Nxd7 8.e5 dxe5
9.Nxe5 f6 10.Nxd7 Qxd7 11.Qe4 Qe6 12.Be3 Qxe4 13.Nxe4 Bf5 14.f3 Rc8 15.O-O-O e5
16.Rd3 Be7 17.Rhd1 h5 18.Rc3 Kf7 19.Bb6 Bxe4 20.Rxc8 Rxc8 21.fxe4 Ke6 22.c3 g6
23.Kd2 f5 24.Ke2 f4  1/2-1/2

[Event "TCh-BUL w"]
[Site "Sunny Beach BUL"]
[Date "2009.06.11"]
[Round "4"]
[White "Vladimirova,M"]
[Black "Chilingirova,P"]
[Result "1-0"]
[WhiteElo "2084"]
[BlackElo "2157"]

1.e4 c5 2.Nf3 d6 3.Bb5+ Nd7 4.O-O a6 5.Bxd7+ Bxd7 6.c3 Nf6 7.Re1 Bc6 8.d3 e6
9.a4 b6 10.Nbd2 Be7 11.Nf1 O-O 12.Ng3 b5 13.a5 Rb8 14.d4 cxd4 15.cxd4 d5
16.e5 Ne4 17.Nd2 Bb4 18.Re3 Bxa5 19.Ndxe4 dxe4 20.Nh5 Kh8 21.Qg4 Rg8 22.Rh3 Qxd4
23.Nf6 gxf6 24.Rxh7+ Kxh7 25.Qh5+ Kg7  1-0

[Event "1st SCS GM Open"]
[Site "Bhubaneswar IND"]
[Date "2009.06.12"]
[Round "8"]
[White "Thakur,Ak"]
[Black "Saravanan,V1"]
[Result "1/2-1/2"]
[WhiteElo "2308"]
[BlackElo "2391"]

1.e4 c5 2.Nf3 d6 3.Bb5+ Nc6 4.O-O Bd7 5.Re1 a6 6.Bxc6 Bxc6 7.d4 cxd4 8.Nxd4 Nf6
9.Qf3 Qb6 10.Nxc6 bxc6 11.b3 e6 12.Bb2 Be7 13.e5 dxe5 14.Nd2 Nd7 15.Nc4 Qc7
16.Rad1 f6 17.Qg4 Kf7 18.Qf3 Kg8 19.Bc3 Re8 20.Ba5 Qb7 21.Re2 h5 22.Red2 Nb8
23.Bd8 Bf8 24.c3 h4 25.h3 Qf7 26.Na5 Rh5 27.Qe4 f5 28.Qxe5 f4 29.Qxb8 Rxa5
30.Qc7 Qxc7 31.Bxc7 Rf5 32.Bd6 f3 33.Bxf8 Rexf8 34.Rd8 Rg5 35.Rxf8+ Kxf8
36.Rd3 Rxg2+ 37.Kf1 Ke7 38.Rxf3 Rg5 39.Rf4 Ra5 40.Rxh4 Rxa2 41.Rg4 Rb2 42.Rxg7+ Kf6
43.Rc7 Rxb3 44.Rxc6 a5 45.Kg2 a4 46.c4 a3 47.Ra6 Rc3 48.c5 Ke5 49.c6 Kd6
50.h4 Ke5 51.c7 Rxc7 52.Rxa3 Kf5 53.Rg3 Rc1 54.h5 Ra1 55.h6 Ra8 56.Rh3 Rh8
57.Kf3 Kg6 58.Ke4 Rxh6 59.Rxh6+ Kxh6 60.Ke5 Kg5 61.f3 Kh4 62.Kxe6 Kg3  1/2-1/2

[Event "Maia Chiburdanidze Cup"]
[Site "Tbilisi GEO"]
[Date "2009.06.12"]
[Round "8"]
[White "Beridze,T"]
[Black "Bokuchava,M"]
[Result "1/2-1/2"]
[WhiteElo "2054"]
[BlackElo "2120"]

1.e4 c5 2.Nf3 d6 3.Bb5+ Nd7 4.c3 Nf6 5.Qe2 Qc7 6.O-O a6 7.Ba4 b5 8.Bc2 Bb7
9.a4 b4 10.cxb4 cxb4 11.d4 e5 12.Bg5 Be7 13.Rc1 O-O 14.Bb3 Qd8 15.dxe5 Nxe4
16.Bxe7 Qxe7 17.exd6 Qxd6 18.Nbd2  1/2-1/2

[Event "13th Open"]
[Site "Voronezh RUS"]
[Date "2009.06.12"]
[Round "1"]
[White "Papin,V"]
[Black "Kurayan,R"]
[Result "1-0"]
[WhiteElo "2462"]
[BlackElo "2242"]

1.e4 c5 2.Nf3 d6 3.Bb5+ Bd7 4.Bxd7+ Qxd7 5.O-O Nc6 6.c3 Nf6 7.d4 Nxe4 8.d5 Ne5
9.Re1 Nf6 10.Nxe5 dxe5 11.Rxe5 e6 12.c4 O-O-O 13.Nc3 Bd6 14.Re1 exd5 15.Nxd5 Nxd5
16.cxd5 Bc7 17.Be3 Ba5 18.Rf1 Qxd5 19.Qa4 Bb6 20.Rad1 Qf5 21.b4 Kb8 22.bxc5 Bxc5
23.g4 Qc8 24.Rxd8 Rxd8 25.Rc1 b6 26.Bxc5 bxc5 27.Rb1+ Kc7 28.Qxa7+ Kd6 29.Rb6+ Ke5
30.Qe7+ Kd4 31.Qe3+ Kc4 32.Qe2+ Kd5 33.f3 c4 34.Rb5+ Kc6 35.Qxc4+ Kd6 36.Qb4+ Ke6
37.Qe4+ Kf6 38.g5+  1-0

[Event "13th FIDE Open"]
[Site "Voronezh RUS"]
[Date "2009.06.12"]
[Round "1"]
[White "Koba,I"]
[Black "Elfert,A"]
[Result "1-0"]
[WhiteElo "2239"]
[BlackElo "1964"]

1.e4 c5 2.Nf3 d6 3.Bb5+ Bd7 4.Bxd7+ Qxd7 5.c4 Nc6 6.Nc3 Nf6 7.d4 cxd4 8.Nxd4 Ne5
9.Qe2 Rc8 10.b3 g6 11.Bb2 Bg7 12.O-O Nh5 13.Qd2 Qg4 14.f4 Bh6 15.Nde2 Qh4
16.Nd5 e6 17.g3 Qh3 18.Ne3 Rd8 19.fxe5 dxe5 20.Qc3 O-O 21.Rf3 Rd7 22.Nd1 Nf4
23.Nxf4 Bxf4 24.Rxf4 Rfd8 25.Nf2 Qh5 26.Qxe5 Rd1+ 27.Rxd1 Rxd1+ 28.Nxd1 Qxd1+
29.Rf1  1-0

[Event "1st SCS GM Open"]
[Site "Bhubaneswar IND"]
[Date "2009.06.13"]
[Round "9"]
[White "Kuzubov,Y"]
[Black "Zubarev,Al1"]
[Result "1-0"]
[WhiteElo "2632"]
[BlackElo "2566"]

1.e4 c5 2.Nf3 d6 3.Bb5+ Nd7 4.d4 Nf6 5.Nc3 a6 6.Bxd7+ Nxd7 7.O-O e6 8.d5 e5
9.a4 g6 10.Nd2 Bg7 11.a5 b5 12.axb6 Nxb6 13.Nb3 O-O 14.Na5 f5 15.exf5 gxf5
16.f4 e4 17.Ne2 Rf6 18.c4 Rg6 19.Ra3 Bd7 20.Qc2 Qc7 21.Bd2 Kf7 22.Rh3 Rh6
23.Rxh6 Bxh6 24.Bc3 Na4 25.Be1 Rg8 26.b3 Nb6 27.Qc3 Rg6 28.Qh3 Nc8 29.Bc3 Ne7
30.Ra1 Kg8 31.Qh4 Be8 32.Ng3 Bg7 33.Bxg7 Rxg7 34.Nf1 Ng6 35.Qf2 Qe7 36.Ne3 Qf6
37.Rc1 Nh4 38.Kh1 Bh5 39.h3 Nxg2 40.Nxg2 Bf3 41.Rg1 Bxg2+ 42.Rxg2 Qc3 43.Rxg7+ Kxg7
44.Qg2+ Kf8 45.Nb7 Qc1+ 46.Qg1 Qxf4 47.Nd8 Qh6 48.Ne6+ Kf7 49.Qg5 Qxh3+ 50.Kg1 Qg4+
51.Qxg4 fxg4 52.Ng5+ Kf6 53.Nxe4+ Ke5 54.Ng5  1-0

[Event "13th Open"]
[Site "Voronezh RUS"]
[Date "2009.06.13"]
[Round "2"]
[White "Kovalevskaya,E"]
[Black "Kokarev,Dm"]
[Result "1/2-1/2"]
[WhiteElo "2450"]
[BlackElo "2603"]

1.e4 c5 2.Nf3 d6 3.Bb5+ Bd7 4.Bxd7+ Qxd7 5.O-O Nf6 6.Re1 Nc6 7.c3 e6 8.d4 cxd4
9.cxd4 d5 10.e5 Ne4 11.Nbd2 Nxd2 12.Bxd2 Be7 13.Rc1 O-O 14.Rc3 Rfc8 15.a3 Qd8
16.Rd3 Na5 17.h4 Nc4 18.Bc1 Rc6 19.Ng5 h6 20.Nh3 Rac8 21.Bxh6 gxh6 22.Qh5 Qf8
23.Rg3+ Kh8 24.Rf3 Kg8 25.Rg3+ Kh8 26.Rf3  1/2-1/2

[Event "XLIV Capablanca Memorial Open"]
[Site "Havana CUB"]
[Date "2009.06.14"]
[Round "6"]
[White "Ordunez,E"]
[Black "Borges Feria,Y"]
[Result "1/2-1/2"]
[WhiteElo "2270"]
[BlackElo "2400"]

1.e4 c5 2.Nf3 d6 3.Bb5+ Nd7 4.O-O a6 5.Bxd7+ Bxd7 6.b3 Nf6 7.e5 dxe5 8.Nxe5 Be6
9.Bb2 g6 10.d3 Bg7 11.Nd2 O-O 12.a4 Qc7 13.Re1 b6 14.Ndc4 Rad8 15.Qe2 Bd5
16.a5 b5 17.Nb6 Bb7 18.c4 b4 19.Rad1 Nh5 20.Qe3 f6 21.Ned7 Qc6 22.Qe6+ Qxe6
23.Rxe6 Nf4 24.Rxe7 Bxg2 25.Nxf8 Bxf8 26.Re3 Kf7 27.d4 Bh3 28.d5 Bd6 29.Na4 Bf5  1/2-1/2

[Event "XLIV Capablanca Memorial Open"]
[Site "Havana CUB"]
[Date "2009.06.14"]
[Round "6"]
[White "Corrales Jimenez,Z"]
[Black "Leyva Rivera,Y"]
[Result "1-0"]
[WhiteElo "2143"]
[BlackElo "2392"]

1.e4 c5 2.Nf3 d6 3.Bb5+ Bd7 4.Bxd7+ Nxd7 5.c4 Ngf6 6.Nc3 e6 7.O-O Be7 8.d4 cxd4
9.Nxd4 O-O 10.b3 Re8 11.Be3 a6 12.f4 Bf8 13.Qf3 Qc7 14.Nde2 g6 15.Kh1 Bg7
16.Rad1 Rad8 17.Rd2 Nc5 18.Rfd1 b6 19.h3 h6 20.Bf2 Kh7 21.Bh4 Nb7 22.Bg3 Nd7
23.Bh4 Nf6 24.f5 Qe7 25.Bf2 Nc5 26.b4 Ncd7 27.fxg6+ fxg6 28.Qg3 Ne5 29.Bxb6 Nxc4
30.Bxd8 Rxd8 31.Rc2 Nd7 32.Nf4 Nde5 33.Nce2 g5 34.Nd3 Qf7 35.Nxe5 Nxe5 36.Nd4 Rf8
37.Nf3 Nxf3 38.Qxf3 Qg6 39.Qe2 Rf4 40.Qxa6 g4 41.Qd3 Be5 42.Rc7+ Kg8 43.Rc8+ Kg7
44.Rc7+ Kg8 45.Rf1 Qxe4 46.Qa6 Rxf1+ 47.Qxf1 Bf4 48.Rc4  1-0

[Event "XLIV Capablanca Memorial Premier"]
[Site "Havana CUB"]
[Date "2009.06.14"]
[Round "7"]
[White "Quezada Perez,Y"]
[Black "Hernandez Carmenates,Hold"]
[Result "1-0"]
[WhiteElo "2596"]
[BlackElo "2573"]

1.e4 c5 2.Nf3 d6 3.Bb5+ Bd7 4.Bxd7+ Qxd7 5.c4 Nf6 6.Nc3 g6 7.d4 cxd4 8.Nxd4 Bg7
9.h3 O-O 10.Be3 Nc6 11.O-O Rac8 12.b3 Rfd8 13.Rc1 e6 14.Qf3 Ne5 15.Qe2 a6
16.Rfd1 Qc7 17.Bg5 h6 18.Bh4 g5 19.Bg3 Qa5 20.a4 Ng6 21.Qf3 Qb4 22.Rb1 Nd7
23.Nde2 Nde5 24.Qe3 Nc6 25.f3 Nf4 26.Be1 Qc5 27.Bf2 Qb4 28.Na2 Nxe2+ 29.Qxe2 Qa5
30.Qd2 Qe5 31.Nc1 Qc3 32.Ne2 Qxd2 33.Rxd2 Kf8 34.Rbd1 Ke7 35.Bb6 Rd7 36.Bc5 Be5
37.Rd3 a5 38.Bb6 Nb4 39.R3d2 Ra8 40.g3 Ra6 41.Be3 Rc7 42.f4 Bf6 43.Kf2 Rac6
44.Kf3 Na6 45.Bd4 Bxd4 46.Nxd4 Rb6 47.Nb5 Rcc6 48.e5 dxe5 49.Rd7+ Kf8 50.Rd8+ Kg7
51.fxe5 Rc5 52.Ke4 f5+ 53.Kd4 Kg6 54.g4 Rbc6 55.Nd6 Nb4 56.gxf5+ exf5 57.Nxb7 Nc2+
58.Kc3 Rxe5 59.Kxc2 f4 60.R8d6+ Rxd6 61.Rxd6+ Kg7 62.Rd3 h5 63.c5 g4 64.hxg4 hxg4
65.c6 Re8 66.Rd4  1-0

[Event "13th Open"]
[Site "Voronezh RUS"]
[Date "2009.06.14"]
[Round "3"]
[White "Petrushin,A1"]
[Black "Sjugirov,S"]
[Result "0-1"]
[WhiteElo "2456"]
[BlackElo "2588"]

1.e4 c5 2.Nf3 d6 3.Bb5+ Nc6 4.Bxc6+ bxc6 5.O-O e5 6.c3 Nf6 7.Re1 Bg4 8.h3 Bxf3
9.Qxf3 Be7 10.Na3 O-O 11.d3 Ne8 12.Nc2 Nc7 13.d4 cxd4 14.cxd4 Bf6 15.Be3 Nb5
16.dxe5 Bxe5 17.a4 Nc7 18.Nd4 Qd7 19.Rad1 g6 20.Qg4 Ne6 21.Nxe6 Qxe6 22.f4 Bxb2
23.Qxe6 fxe6 24.Rxd6 e5 25.fxe5 Rac8 26.e6 Rfe8 27.Bxa7 Be5 28.Rd7 c5 29.Kf1 Rxe6
30.Rc1 Bd4 31.Rb1 Rxe4 32.Rb8 Rxb8 33.Bxb8 c4 34.a5 c3 35.a6 Bc5 36.Rd8+ Kf7
37.Rd1 Ba3 38.Kf2 c2 39.Rd7+ Ke8 40.Rc7 c1=Q  0-1

[Event "XLIV Capablanca Memorial Open"]
[Site "Havana CUB"]
[Date "2009.06.15"]
[Round "7"]
[White "Arribas Robaina,M"]
[Black "Abreu Delgado,A"]
[Result "1/2-1/2"]
[WhiteElo "2336"]
[BlackElo "2487"]

1.e4 c5 2.Nf3 d6 3.Bb5+ Bd7 4.Bxd7+ Qxd7 5.O-O Nf6 6.Re1 Nc6 7.c3 e6 8.d4 cxd4
9.cxd4 d5 10.e5 Ne4 11.Nbd2 Nxd2 12.Bxd2 Be7 13.Rc1 O-O 14.Bg5 h6 15.Bxe7 Nxe7
16.Re3 Rfc8 17.Rec3 Rxc3 18.Rxc3 Rc8 19.Qc2 Rxc3 20.Qxc3 Qc6  1/2-1/2

[Event "XLIV Capablanca Memorial Open"]
[Site "Havana CUB"]
[Date "2009.06.15"]
[Round "7"]
[White "Marrero Lopez,Yan"]
[Black "Diaz Ordonez,C"]
[Result "1/2-1/2"]
[WhiteElo "2224"]
[BlackElo "2347"]

1.e4 c5 2.Nf3 d6 3.Bb5+ Nd7 4.d4 cxd4 5.Qxd4 Qa5+ 6.Nc3 a6 7.Bxd7+ Bxd7 8.O-O e6
9.Be3 Nf6 10.e5 dxe5 11.Nxe5 Rd8 12.Rad1 Be7 13.Nc4 Qc7 14.Bf4 Qc5 15.Nd6+ Bxd6
16.Bxd6 Qxd4 17.Rxd4 Bc6 18.Rfd1 h5 19.h4 Ng4 20.Ne4 f6 21.Bc7 Rxd4 22.Rxd4 Ke7
23.Nd6 e5 24.Rd3 Ke6 25.f3 Nh6 26.c4 f5 27.Kf2 Rg8 28.b4 g6 29.b5 axb5 30.cxb5 Bd5
31.a4 f4 32.a5 Nf5 33.Nxf5 gxf5 34.a6 bxa6 35.bxa6 e4 36.Rd4 e3+ 37.Kf1 e2+
38.Kxe2 Rxg2+ 39.Kf1 Bxf3 40.Rxf4 Bd5 41.a7 Ra2 42.Bb8 Be4 43.Rf2 Ra1+ 44.Ke2 Ra3
45.Kd2 Kd5 46.Kc1 Kc4 47.Kd2 Kd4 48.Bc7 Kc5 49.Bf4 Kc4 50.Bb8 Kd5 51.Ke1 Bd3
52.Rf4 Ra2 53.Rf2 Ra1+ 54.Kd2 Kd4 55.Rf4+ Be4 56.Rf2 Ra2+ 57.Ke1 Ra3 58.Kd2 Kd5
59.Ke2 Kc4 60.Kd2 Kd4 61.Bc7  1/2-1/2

[Event "XLIV Capablanca Memorial Open"]
[Site "Havana CUB"]
[Date "2009.06.16"]
[Round "8"]
[White "Guerra Mojena,L"]
[Black "Morales,P"]
[Result "0-1"]
[WhiteElo "2252"]
[BlackElo "2410"]

1.e4 c5 2.Nf3 d6 3.Bb5+ Bd7 4.Bxd7+ Nxd7 5.O-O Ngf6 6.Qe2 e6 7.c4 Be7 8.d4 cxd4
9.Nxd4 O-O 10.Nc3 a6 11.b3 Re8 12.Bb2 Rc8 13.Rac1 Bf8 14.Nc2 Rc5 15.Rfd1 Qb8
16.Ne3 b5 17.cxb5 axb5 18.b4 Rh5 19.Nf1 g6 20.Ng3 Rh4 21.a3 Bh6 22.Rb1 d5
23.Qxb5 Qa7 24.Qe2 Ng4 25.Nb5 Qb8 26.h3 Ne3 27.Rd3 Nc4 28.a4 Ndb6 29.Nc3 d4
30.Nd1 Nxb2 31.Nxb2 Bg7 32.Rb3 f5 33.a5 Nd7 34.exf5 exf5 35.Qc4+ Kh8 36.b5 f4
37.Nf1 f3 38.Qd5 Ne5 39.b6 Rd8 40.Qb5 fxg2 41.Ng3 Qc8 42.Kxg2 Qxh3+ 43.Kg1 d3
44.Rxd3 Rf8 45.Nd1 Qh2+ 46.Kf1 Rhf4 47.Rd2 Nf3 48.Rbb2 Qg1+ 49.Ke2 Qe1+ 50.Kd3 Rd4+  0-1

[Event "13th FIDE Open"]
[Site "Voronezh RUS"]
[Date "2009.06.16"]
[Round "5"]
[White "Koba,I"]
[Black "Akhmetov,Ay"]
[Result "1-0"]
[WhiteElo "2239"]
[BlackElo "1956"]

1.e4 c5 2.Nf3 d6 3.Bb5+ Bd7 4.Bxd7+ Qxd7 5.c4 Nc6 6.O-O Nf6 7.Nc3 g6 8.d4 cxd4
9.Nxd4 Bg7 10.Nde2 O-O 11.f3 Rfd8 12.Rb1 Rac8 13.Be3 e6 14.Nf4 g5 15.Nfe2 h6
16.h4 gxh4 17.Qe1 h3 18.Qg3 Kh7 19.Qxh3 d5 20.Rbd1 Qe7 21.cxd5 exd5 22.Ng3 Qe6
23.Nf5 Ne7 24.Bxh6 Nxf5 25.exf5 Qc6 26.Be3+ Kg8 27.Bd4 Re8 28.Qg3 b5 29.Qg5 Kf8
30.Nxd5 Qxd5 31.Bxf6 Qc5+ 32.Kh1 Bxf6 33.Qxf6 Re5 34.Rd7 Qc4 35.Qh8+  1-0

[Event "XXVII Open A"]
[Site "Balatonlelle HUN"]
[Date "2009.06.17"]
[Round "5"]
[White "Bokros,A"]
[Black "Rapport,R"]
[Result "0-1"]
[WhiteElo "2483"]
[BlackElo "2371"]

1.e4 c5 2.Nf3 d6 3.Bb5+ Nc6 4.d4 cxd4 5.Qxd4 Bd7 6.Bxc6 Bxc6 7.Nc3 Nf6 8.Bg5 Qb6
9.Qd3 e6 10.Be3 Qc7 11.Nd4 a6 12.Nxc6 Qxc6 13.f3 Be7 14.Ne2 d5 15.e5 Nd7
16.f4 b5 17.O-O g6 18.Nd4 Qc4 19.a4 bxa4 20.Qxc4 dxc4 21.Rxa4 Nb6 22.Ra2 Nd5
23.Bf2 Kd7 24.Rfa1 Rhb8 25.g3 Bc5 26.c3 Rb6 27.Ra5 Bxd4 28.Bxd4 Rc6 29.Kf2 Rb8
30.Rxa6 Rxb2+ 31.Kg1 Rxa6 32.Rxa6 Rb1+ 33.Kg2 Rb2+ 34.Kg1 Rc2 35.Ra7+ Ke8
36.Ra8+ Ke7 37.Ra7+ Kf8 38.Ra3 h5 39.h4 Kg7 40.Kf1 Ne7 41.Bf2 Nf5 42.Ke1 Kg8
43.Ra8+ Kh7 44.Ra3 Kg7 45.Kf1 Kf8 46.Ke1 Ke8 47.Ra8+ Kd7 48.Ra7+ Kc6 49.Rxf7 Rxc3
50.Rf6 Kd5 51.Rxg6 Ra3 52.Rg8 c3 53.Rc8 Ke4 54.Bb6 Ra6  0-1

[Event "XLIV Capablanca Memorial Open"]
[Site "Havana CUB"]
[Date "2009.06.17"]
[Round "9"]
[White "Perez Garcia,Rodn"]
[Black "Larduet Despaigne,C"]
[Result "1/2-1/2"]
[WhiteElo "2436"]
[BlackElo "2326"]

1.e4 c5 2.Nf3 d6 3.Bb5+ Bd7 4.Bxd7+ Nxd7 5.c4 Ngf6 6.Nc3 e6 7.O-O Be7 8.d4 cxd4
9.Qxd4 a6 10.b3 O-O 11.Bb2 Qc7 12.Rac1 Rfd8 13.Rfd1 Rac8  1/2-1/2

[Event "XLIV Capablanca Memorial Open"]
[Site "Havana CUB"]
[Date "2009.06.17"]
[Round "9"]
[White "Fernandez Garcia,JoseL1"]
[Black "Alonso,J"]
[Result "0-1"]
[WhiteElo "2457"]
[BlackElo "2266"]

1.e4 c5 2.Nf3 d6 3.Bb5+ Nd7 4.d4 cxd4 5.Qxd4 a6 6.Bxd7+ Bxd7 7.Nc3 e5 8.Qd3 Rc8
9.Nd2 Be6 10.Nf1 Be7 11.Ne3 Nf6 12.O-O O-O 13.a4 Qc7 14.Bd2 h6 15.b3 Rfd8
16.Rfd1 d5 17.exd5 Bb4 18.Nb5 axb5 19.Bxb4 Nxd5 20.Qxb5 Nxe3 21.Rxd8+ Qxd8
22.fxe3 Rxc2 23.Qxe5 Qd3 24.Re1 Qxb3 25.Be7 Qxa4 26.e4 Qa7+ 27.Kh1 Qf2 28.Rg1 Qe3
29.Bh4 Kh7 30.Re1 Qd2 31.Rg1 Qd3 32.Be1 b5 33.Bb4 Bh3 34.Qf4 Be6 35.Qe5 Qc4
36.Bf8 f6 37.Qg3 Qc7 38.Bd6 Qc3 39.Qxc3 Rxc3 40.Re1 Rc2 41.h3 Kg6 42.Kh2 Bd7
43.Kg3 Bc6 44.Re3 Kf7 45.Bb4 Rc4 46.Rc3 Rxb4 47.Rxc6 Rxe4 48.Rb6 b4 49.Kf3 Rc4
50.g4 Rc3+ 51.Ke4 Rxh3 52.Rxb4 h5 53.Rb7+ Kg6 54.gxh5+ Rxh5 55.Kf4 Rh4+ 56.Kf3 Ra4
57.Kg3 Kh6 58.Rf7 Ra6 59.Kg4 g6 60.Kf4 Ra4+ 61.Kg3 Kg5 62.Kf3 f5 63.Rg7 Ra3+
64.Kg2 Kh5 65.Rb7 g5 66.Rb4 f4 67.Rc4 Kg4 68.Rc2 Rg3+ 69.Kf2 Rh3 70.Kg2 f3+
71.Kg1 Rh8 72.Rc4+ Kg3 73.Rc2 g4 74.Rg2+ Kf4 75.Ra2 Re8  0-1

[Event "zt 3.4 w"]
[Site "Tashkent UZB"]
[Date "2009.06.18"]
[Round "2"]
[White "Muminova,N"]
[Black "Sergeyeva,M"]
[Result "1-0"]
[WhiteElo "2212"]
[BlackElo "2377"]

1.e4 c5 2.Nf3 d6 3.Bb5+ Bd7 4.Bxd7+ Qxd7 5.O-O Nc6 6.c3 Nf6 7.Qe2 e6 8.d4 cxd4
9.cxd4 d5 10.e5 Ne4 11.Be3 Be7 12.Ne1 f6 13.f3 Ng5 14.exf6 Bxf6 15.Nc3 Nf7
16.Rd1 Nd6 17.Qf2 Nf5 18.Ne2 O-O 19.Nd3 Qe7 20.Rfe1 Rac8 21.Ndf4 Qd6 22.Nd3 Nb4
23.Bf4 Qb6 24.Nxb4 Qxb4 25.g4 Bh4 26.Bg3 Nxg3 27.hxg3 Bf6 28.Nf4 Rc4 29.Nxe6 Rfc8
30.g5 Be7 31.a3 Qd6 32.Re2 Bd8 33.f4 Bb6 34.f5 Re8 35.Kg2 Qd7 36.Rde1 Qf7
37.Qf4 Rc6 38.Qg4 g6 39.f6 h5 40.gxh6  1-0

[Event "zt 3.4"]
[Site "Tashkent UZB"]
[Date "2009.06.18"]
[Round "2"]
[White "Khamrakulov,D"]
[Black "Utegaliyev,A"]
[Result "1/2-1/2"]
[WhiteElo "2524"]
[BlackElo "2288"]

1.e4 c5 2.Nf3 d6 3.Bb5+ Nc6 4.O-O Bd7 5.Re1 Nf6 6.c3 a6 7.Bf1 Bg4 8.d3 e6
9.Be3 Be7 10.Nbd2 O-O 11.h3 Bh5 12.Qe2 Nd7 13.d4 cxd4 14.cxd4 d5 15.e5 Nb4
16.Rec1 Rc8 17.g4 Rxc1 18.Rxc1 Bg6 19.a3 Nd3 20.Rc3 Nxb2 21.Rb3 Nc4 22.Nxc4 dxc4
23.Qxc4 Be4 24.Qe2 Bd5 25.Rb1 Bxa3 26.Nd2 Be7 27.f4 b5 28.f5 f6 29.fxe6 Bxe6
30.Ra1 Qb6 31.Ne4 Bd5 32.Bg2 Qe6 33.exf6 Nxf6 34.Nxf6+ Bxf6 35.Qa2 Rd8 36.Bxd5 Qxd5
37.Qxd5+ Rxd5 38.Rxa6 Bxd4 39.Bxd4 Rxd4 40.Rb6 Rb4 41.Kg2 h6 42.Kg3 Rb3+
43.Kg2 b4 44.Kh2 Kf7 45.Kg2 g6 46.Kh2 Rb1 47.Kg2 b3 48.Kh2 b2 49.Kg2 Ke7
50.Kh2 Kd7 51.Kg2 Ke7 52.Rb3 Kd6 53.Rb5 Kc6 54.Rb8 Kd5 55.Rd8+ Ke4 56.Rb8 Kf4
57.Rb5 Ke3 58.Rb3+  1/2-1/2

[Event "Open"]
[Site "Teplice CZE"]
[Date "2009.06.19"]
[Round "7"]
[White "Kulovana,E"]
[Black "Vokac,M"]
[Result "1/2-1/2"]
[WhiteElo "2293"]
[BlackElo "2459"]

1.e4 c5 2.Nf3 d6 3.Bb5+ Bd7 4.Bxd7+ Qxd7 5.c4 Nf6 6.Nc3 Nc6 7.d4 cxd4 8.Nxd4 e6
9.f3 Be7 10.Be3 O-O 11.Qd2 a6 12.O-O Rfe8 13.Rfd1 Ne5 14.b3 Qc7 15.Rac1 Rac8
16.Kh1 Ned7 17.Qf2 Qa5 18.Qd2 Qc7 19.Qf2 Bf8 20.Qb2 Qb8 21.a4 d5 22.cxd5 exd5
23.Nf5 dxe4 24.Nxe4 Nxe4 25.Rxd7 Rxc1+ 26.Qxc1 Nf6 27.Rd3 Qe5 28.Ng3 g6 29.Bf2 h5
30.Qc3 Qxc3 31.Rxc3 Rd8 32.Nf1 Rd1 33.Kg1 Bd6 34.g3 h4 35.Rc8+ Kg7 36.Rc4 hxg3
37.hxg3 Nd5 38.Rd4 Rxd4 39.Bxd4+ f6  1/2-1/2

[Event "13th FIDE Open"]
[Site "Voronezh RUS"]
[Date "2009.06.19"]
[Round "8"]
[White "Ivanov,Valer"]
[Black "Testova,V"]
[Result "0-1"]
[WhiteElo "2253"]
[BlackElo "1769"]

1.e4 c5 2.Nf3 d6 3.Bb5+ Nd7 4.d4 cxd4 5.Qxd4 e5 6.Qd1 h6 7.Nc3 Nf6 8.O-O a6
9.Bc4 Nb6 10.Bb3 Bd7 11.a4 Bc6 12.Qe2 Be7 13.Rd1 Qc7 14.a5 Nbd7 15.Qc4 O-O
16.Nh4 Kh8 17.Nf5 Nc5 18.Nd5 Bxd5 19.exd5 Rac8 20.Qh4 Ng8 21.Qg3 Bf6 22.Be3 Ne7
23.Nxe7 Qxe7 24.Bc1 Bh4 25.Qh3 Ne4 26.g3 Bg5 27.Qf5 Bxc1 28.Raxc1 Ng5 29.Re1 g6
30.Qd3 Qd7 31.h4 Nh3+ 32.Kg2 Qg4 33.Kf1 f5 34.Qe2 Qxe2+ 35.Rxe2 f4 36.g4 f3
37.Re4 Rc7 38.c4 Rc5 39.Bd1 Nf4 40.b4 Rcc8 41.Rc3 Nxd5 42.Rxf3 Nf6 43.Ree3 Kg7
44.Rb3 Rxc4 45.b5 Rc1 46.Ke2 Rfc8 47.bxa6 bxa6 48.Rb7+ R8c7 49.Rxc7+ Rxc7
50.g5 hxg5 51.hxg5 Ne4 52.Rd3 Nc3+ 53.Ke3  0-1

[Event "CIQ"]
[Site "Montreal CAN"]
[Date "2009.06.21"]
[Round "3"]
[White "Barbeau,S"]
[Black "Hua,L"]
[Result "1/2-1/2"]
[WhiteElo "2357"]
[BlackElo "2283"]

1.e4 c5 2.Nf3 d6 3.Bb5+ Bd7 4.Bxd7+ Qxd7 5.O-O Nc6 6.c3 Nf6 7.Qe2 e6 8.d4 cxd4
9.cxd4 d5 10.e5 Ne4 11.Be3 Be7 12.Ne1 f5 13.f3 Ng5 14.Nd3 Nf7 15.g4 fxg4
16.fxg4 O-O 17.Qd2 Nh8 18.Nc3  1/2-1/2

[Event "Open"]
[Site "Teplice CZE"]
[Date "2009.06.21"]
[Round "9"]
[White "Klimek,P"]
[Black "Vanek,T"]
[Result "0-1"]
[WhiteElo "1688"]
[BlackElo "2283"]

1.e4 c5 2.Nf3 d6 3.Bb5+ Bd7 4.Bxd7+ Qxd7 5.d4 cxd4 6.Qxd4 Nc6 7.Qa4 g6 8.Bd2 Nf6
9.Nc3 Bg7 10.O-O O-O 11.h3 a6 12.Rfe1 b5 13.Qb3 Na5 14.Qb4 Nc6 15.Qb3 Na5
16.Qb4 Nc4 17.Bg5 h6 18.Bxf6 Bxf6 19.Nd5 Bxb2 20.Rad1 a5 21.Qb3 a4 22.Qb4 Bg7
23.e5 e6 24.Nc3 Rfc8 25.Nd4 d5 26.f4 Rab8 27.Rd3 Bf8 28.Qb1 b4 29.Nd1 Na3
30.Rxa3 bxa3 31.Qc1 Qa7 32.Qe3 Qxd4 33.Qxd4 Bc5 34.Qxc5 Rxc5 35.Kf2 Rxc2+
36.Kf3 Rxa2 37.g4 Rb3+ 38.Re3  0-1

[Event "4th Polonia Wroclaw Open A"]
[Site "Warsaw POL"]
[Date "2009.06.21"]
[Round "2"]
[White "Muzychuk,M"]
[Black "Tiviakov,S"]
[Result "0-1"]
[WhiteElo "2441"]
[BlackElo "2697"]

1.e4 c5 2.Nf3 d6 3.Bb5+ Nd7 4.d4 Nf6 5.Nc3 a6 6.Bxd7+ Nxd7 7.d5 g6 8.Be3 Bg7
9.O-O b5 10.Qc1 h6 11.Ne2 Nb6 12.Nd2 O-O 13.c3 f5 14.f3 g5 15.Qc2 f4 16.Bf2 e6
17.dxe6 Bxe6 18.Nc1 Nd7 19.Nd3 Qe7 20.a4 Ne5 21.Nxe5 Bxe5 22.axb5 axb5 23.Qd3 Qb7
24.Rfb1 Ra6 25.Rxa6 Qxa6 26.g4 Rb8 27.Kg2 Qa2 28.b3 Kg7 29.Kf1 c4 30.Qe2 cxb3
31.Qd1 b4 32.c4 Qc2 33.Ke1 Bxc4 34.Rc1 Qxd1+ 35.Kxd1 Bf7 36.Rc7 b2 37.Kc2 b3+
38.Kb1 Ra8 39.Ra7 Rxa7 40.Bxa7 Bc3  0-1

[Event "Municipality Cup"]
[Site "Tbilisi GEO"]
[Date "2009.06.22"]
[Round "8"]
[White "Manashvili,A"]
[Black "Benidze,D"]
[Result "1-0"]
[WhiteElo "2184"]
[BlackElo "2442"]

1.e4 c5 2.Nf3 d6 3.Bb5+ Nd7 4.d4 a6 5.Bxd7+ Bxd7 6.O-O cxd4 7.Qxd4 Rc8 8.Nc3 e5
9.Qd3 h6 10.Be3 Nf6 11.a4 Be7 12.a5 O-O 13.Nd2 Be6 14.Bb6 Qd7 15.Rfe1 Qc6
16.f3 Rfe8 17.Nf1 d5 18.exd5 Nxd5 19.Nxd5 Bxd5 20.Ne3 Be6 21.c3 Bd8 22.Bxd8 Rcxd8
23.Qe2 f5 24.Kh1 e4 25.fxe4 fxe4 26.Nc2 Bc4 27.Qf2 Bd3 28.Nd4 Qd5 29.Qe3 Rd6
30.Rad1 Rf8 31.b4 b6 32.axb6 Rxb6 33.Ne2 Rbf6 34.Ng3 h5 35.h3 Qe5 36.Rxd3  1-0

[Event "Municipality Cup"]
[Site "Tbilisi GEO"]
[Date "2009.06.23"]
[Round "9"]
[White "Reyhan,D"]
[Black "Morchiashvili,B"]
[Result "1/2-1/2"]
[WhiteElo "2234"]
[BlackElo "2412"]

1.e4 c5 2.Nf3 d6 3.Bb5+ Bd7 4.Bxd7+ Qxd7 5.O-O Nc6 6.Re1 Nf6 7.c3 e6 8.d4 cxd4
9.cxd4 d5 10.e5 Ne4 11.Nbd2 Nxd2 12.Bxd2 Be7 13.Rc1 O-O 14.Rc3 Rac8 15.a3 f5
16.exf6 Bxf6 17.Rd3 Rce8 18.Bc3 Qf7 19.Rde3 Nd8 20.Bb4 Be7 21.Bxe7 Rxe7 22.Qe2 Qf6
23.Re5  1/2-1/2